000 00382nam a2200145Ia 4500
005 20260328101529.0
008 260328s9999||||xx |||||||||||||| ||und||
100 _aSalcedo Salcedo, Jaime
245 0 _aUrbanismo Hispano-Americano :
_b Siglos XVI,XVII y XVIII /
_cJaime Salcedo Salcedo
250 _a2a ed.
260 _bCeja
300 _a242 p.
650 _aHISTORIA
942 _cBK
999 _c9909
_d9909